000 00491nam a2200169Ia 4500
005 20250423100452.0
008 250422s9999 xx 000 0 und d
020 _a9781138492028
050 _aJZ 5584.A35 .P43/
100 _aEdited by Kenneth Omeje
245 0 _aPeacebuilding in contemporary Africa: in search of alternative strategies
260 _aNew York
260 _bRoutledge
260 _c2022
650 _aPeace-building--Africa. Conflict management--Africa.
942 _cBK
999 _c33400
_d33400